|
|
|
|
| LEADER |
00000nam0a2200000 4500 |
| 001 |
16457 |
| 005 |
20231030190537.0 |
| 035 |
|
|
|a (RuTPU)RU\TPU\book\16581
|
| 035 |
|
|
|a BOOK00016650
|
| 090 |
|
|
|a 16457
|
| 100 |
|
|
|a 20011209d1954 km y0rusy50 ca
|
| 101 |
0 |
|
|a rus
|
| 102 |
|
|
|a RU
|
| 105 |
|
|
|a a z 000zb
|
| 200 |
1 |
|
|a Казанская история
|f сост. Г. Н. Моисеева
|
| 210 |
|
|
|a Москва
|c [Б. и.]
|d 1954
|
| 215 |
|
|
|a 193 с.
|c ил.
|
| 600 |
|
0 |
|a Иван Грозный
|d IV
|c великий князь московский, первый русский царь
|f 1530-1584
|c из династии Рюриковичей
|2 stltpui
|3 (RuTPU)RU\TPU\pers\1414
|
| 610 |
1 |
|
|a история
|
| 610 |
1 |
|
|a Россия
|
| 610 |
1 |
|
|a 16 век
|
| 610 |
1 |
|
|a Казанское Ханство
|
| 610 |
1 |
|
|a исторические источники
|
| 610 |
1 |
|
|a литературные памятники
|
| 686 |
|
|
|a Т3(2)43
|v LBC/SL-A
|2 rubbk
|
| 702 |
|
1 |
|a Моисеева
|b Г. Н.
|4 220
|
| 801 |
|
0 |
|a RU
|b 63413507
|c 20011209
|g PSBO
|
| 801 |
|
2 |
|a RU
|b 63413507
|c 20110228
|g PSBO
|
| 942 |
|
|
|c BK
|